New York Rangers Roster 2026 - Statistics

General Stats
  • This quiz has been taken 2,242 times
    198 since last reset
  • The average score is 14 of 24
Answer Stats
# Birthplace Player % Correct
Forwards 10 Chelyabinsk, RUS Artemi Panarin
94%
Defencemen 23 New York, USA Adam Fox
93%
Goaltenders 31 Moskva, RUS Igor Shesterkin
89%
Forwards 93 Södermanland, SWE Mika Zibanejad
85%
Goaltenders 32 Connecticut, USA Jonathan Quick
83%
Forwards 13 Quebec, CAN Alexis Lafrenière
82%
Forwards 8 Ohio, USA J.T. Miller
80%
Forwards 16 Pennsylvania, USA Vincent Trocheck
76%
Defencemen 4 Saskatchewan, CAN Braden Schneider
66%
Defencemen 44 Yaroslavl, RUS Vladislav Gavrikov
62%
Forwards 50 Ontario, CAN Will Cuylle
60%
Defencemen 17 Minnesota, USA William Borgen
50%
Forwards 39 Ontario, CAN Sam Carrick
46%
Forwards 42 Michigan, USA Noah Laba
43%
Defencemen 24 Alberta, CAN Carson Soucy
42%
Forwards 84 Värmland, SWE Adam Edström
39%
Forwards 22 Minnesota, USA Jonny Brodzinski
39%
Forwards 14 Ontario, CAN Taylor Raddysh
38%
Forwards 43 Massachusetts, USA Conor Sheary
36%
Defencemen 60 Connecticut, USA Scott Morrow
35%
Defencemen 18 Pohjois-Karjala, FIN Urho Vaakanainen
35%
Forwards 65 Rhode Island, USA Brett Berard
34%
Defencemen 29 Alberta, CAN Matthew Robertson
34%
Goaltenders 33 British Columbia, CAN Dylan Garand
22%
No matching quizzes found
Score Distribution
Percent of People with Each Score
Percentile by Number Answered
Your Score History
You have not taken this quiz since the last reset